<?xml version="1.0" encoding="UTF-8"?>
<collection xmlns="http://www.loc.gov/MARC21/slim">
 <record>
  <leader>01656cam a2200349  a4500</leader>
  <controlfield tag="001">1093460083</controlfield>
  <controlfield tag="003">DE-627</controlfield>
  <controlfield tag="005">20230711114555.0</controlfield>
  <controlfield tag="007">tu</controlfield>
  <controlfield tag="008">910305n19uuuuuuxx |||||      00| ||ger c</controlfield>
  <datafield tag="020" ind1=" " ind2=" ">
   <subfield code="a">3781402002</subfield>
   <subfield code="9">3-7814-0200-2</subfield>
  </datafield>
  <datafield tag="035" ind1=" " ind2=" ">
   <subfield code="a">(DE-627)1093460083</subfield>
  </datafield>
  <datafield tag="035" ind1=" " ind2=" ">
   <subfield code="a">(DE-576)023460083</subfield>
  </datafield>
  <datafield tag="035" ind1=" " ind2=" ">
   <subfield code="a">(DE-599)BSZ023460083</subfield>
  </datafield>
  <datafield tag="040" ind1=" " ind2=" ">
   <subfield code="a">DE-627</subfield>
   <subfield code="b">ger</subfield>
   <subfield code="c">DE-627</subfield>
   <subfield code="e">rakwb</subfield>
  </datafield>
  <datafield tag="041" ind1=" " ind2=" ">
   <subfield code="a">ger</subfield>
  </datafield>
  <datafield tag="084" ind1=" " ind2=" ">
   <subfield code="a">9,10</subfield>
   <subfield code="2">ssgn</subfield>
  </datafield>
  <datafield tag="084" ind1=" " ind2=" ">
   <subfield code="a">LH 76000</subfield>
   <subfield code="q">DE-24/20sred</subfield>
   <subfield code="2">rvk</subfield>
   <subfield code="0">(DE-625)rvk/94957:2</subfield>
  </datafield>
  <datafield tag="245" ind1="1" ind2="0">
   <subfield code="a">Ornamentale Vorlageblaetter des 15. bis 19. Jahrhunderts</subfield>
   <subfield code="c">Rudolf Berliner; Gehart Egger</subfield>
  </datafield>
  <datafield tag="246" ind1="3" ind2="3">
   <subfield code="a">Ornamentale Vorlageblätter</subfield>
  </datafield>
  <datafield tag="264" ind1=" " ind2="1">
   <subfield code="a">München</subfield>
   <subfield code="b">Klinkhardt &amp; Biermann</subfield>
   <subfield code="c">19XX-</subfield>
  </datafield>
  <datafield tag="336" ind1=" " ind2=" ">
   <subfield code="a">Text</subfield>
   <subfield code="b">txt</subfield>
   <subfield code="2">rdacontent</subfield>
  </datafield>
  <datafield tag="337" ind1=" " ind2=" ">
   <subfield code="a">ohne Hilfsmittel zu benutzen</subfield>
   <subfield code="b">n</subfield>
   <subfield code="2">rdamedia</subfield>
  </datafield>
  <datafield tag="338" ind1=" " ind2=" ">
   <subfield code="a">Band</subfield>
   <subfield code="b">nc</subfield>
   <subfield code="2">rdacarrier</subfield>
  </datafield>
  <datafield tag="500" ind1=" " ind2=" ">
   <subfield code="a">Nebent.: Ornamentale Vorlageblätter</subfield>
  </datafield>
  <datafield tag="700" ind1="1" ind2=" ">
   <subfield code="a">Berliner, Rudolf</subfield>
   <subfield code="d">1886-1967</subfield>
   <subfield code="e">Bearb.</subfield>
   <subfield code="0">(DE-588)116136162</subfield>
   <subfield code="0">(DE-627)077658833</subfield>
   <subfield code="0">(DE-576)160261201</subfield>
   <subfield code="4">adp</subfield>
  </datafield>
  <datafield tag="700" ind1="1" ind2=" ">
   <subfield code="a">Egger, Gerhart</subfield>
   <subfield code="d">1916-1990</subfield>
   <subfield code="e">Hrsg.</subfield>
   <subfield code="0">(DE-588)135963435</subfield>
   <subfield code="0">(DE-627)573404445</subfield>
   <subfield code="0">(DE-576)160831970</subfield>
   <subfield code="4">edt</subfield>
  </datafield>
  <datafield tag="787" ind1="0" ind2="8">
   <subfield code="i">Rezensiert in</subfield>
   <subfield code="a">Hackenbroch, Yvonne, 1912 - 2012</subfield>
   <subfield code="t">[Rezension von: Rudolf Berliner und Gerhart Egger, Ornamentale Vorlageblatter des 15.-19. Jahrhunderts]</subfield>
   <subfield code="d">1985</subfield>
   <subfield code="w">(DE-627)1852349956</subfield>
  </datafield>
  <datafield tag="936" ind1="r" ind2="v">
   <subfield code="a">LH 76000</subfield>
   <subfield code="b">allgemein</subfield>
   <subfield code="k">Allgemeines. Allgemeine Kunstgeschichte</subfield>
   <subfield code="k">Kunstgeschichte einzelner Gattungen der Kunst</subfield>
   <subfield code="k">Ornament</subfield>
   <subfield code="k">Allgemeine geschichtliche Darstellungen, Abbildungswerke, Theorie etc.</subfield>
   <subfield code="k">allgemein</subfield>
   <subfield code="0">(DE-627)1270644254</subfield>
   <subfield code="0">(DE-625)rvk/94957:2</subfield>
   <subfield code="0">(DE-576)200644254</subfield>
  </datafield>
  <datafield tag="951" ind1=" " ind2=" ">
   <subfield code="a">MC</subfield>
  </datafield>
  <datafield tag="991" ind1=" " ind2=" ">
   <subfield code="a">Rezensiertes Werk</subfield>
  </datafield>
  <datafield tag="999" ind1=" " ind2=" ">
   <subfield code="a">KXP-PPN1093460083</subfield>
   <subfield code="e">4374048758</subfield>
  </datafield>
 </record>
</collection>
